000 00563nam a2200193 a 4500
005 20140310183525.0
008 111003s19uu xx 00 eng d
020 _a9780123751102
050 _aHD 30.2
_b.H656 2010
100 _aHoltsnider, Bill
245 _aIT manager's handbook :
_bthe business edition /
_cBill Holtsnider and Brian Jaffe.
260 _aAmsterdam :
_bElsevier,
_c2010.
300 _a364 p. :
_c24 cm.
521 _aBSBA
650 _aManagement
_xHandbooks
_xManuals
700 _aJaffe, Brian
942 _cBK
_2lcc
_kFOR
999 _c24501
_d24501